Home Print Resources E-Books E-Journals IIMT Lecture Series Library Membership Form Book Recommendation Form Campus Tour Take AdmissionAbout Us Contact Us

All India Reporter (Record no. 49200)

000 -LEADER
fixed length control field nam a22 7a 4500
003 - CONTROL NUMBER IDENTIFIER
control field OSt
005 - DATE AND TIME OF LATEST TRANSACTION
control field 20191009125342.0
008 - FIXED-LENGTH DATA ELEMENTS--GENERAL INFORMATION
fixed length control field 191009b xxu||||| |||| 00| 0 eng d
040 ## - CATALOGING SOURCE
Transcribing agency sero soft
100 ## - MAIN ENTRY--PERSONAL NAME
Personal name AIR
245 ## - TITLE STATEMENT
Title All India Reporter
260 ## - PUBLICATION, DISTRIBUTION, ETC.
Place of publication, distribution, etc. Nagpur
Name of publisher, distributor, etc. Nagpur Pvt
942 ## - ADDED ENTRY ELEMENTS (KOHA)
Source of classification or shelving scheme
Koha item type Text-Book- for 7 days
Holdings
Withdrawn status Lost status Source of classification or shelving scheme Damaged status Not for loan Home library Current library Date acquired Source of acquisition Cost, normal purchase price Barcode Date last seen Price effective from Koha item type Total Checkouts Date last checked out
          IIMT University College of Law IIMT University College of Law 10/09/2019 Western Law House Meerut 9900.00 04-B-7259 10/09/2019 10/09/2019 Journal and Periodical    
          IIMT University College of Law IIMT University College of Law 10/09/2019 Western Law House Meerut 9900.00 04-B-7260 10/09/2019 10/09/2019 Journal and Periodical    
          IIMT University College of Law IIMT University College of Law 10/09/2019 Western Law House Meerut 9900.00 04-B-7262 11/18/2019 10/09/2019 Journal and Periodical 1 11/18/2019
          IIMT University College of Law IIMT University College of Law 10/09/2019 Western Law House Meerut 9900.00 04-B-7261 10/09/2019 10/09/2019 Journal and Periodical    
IIMT, Central Library. All Rights Reserved IIMT,UNIVERSITY © 2023
Implemented and Customised by I CLOUDE EMS
You Are OPAC Visitor No
free web counter

Powered by Koha